| 000 | 00987nam a2200193Ia 4500 | ||
|---|---|---|---|
| 008 | 151121s9999||||xx |||||||||||||| ||und|| | ||
| 082 | _a811।07/दीक्षित | ||
| 082 | _bHNW-38237 | ||
| 100 | _aदीक्षित कमलाकर-संपा। | ||
| 245 | _aमढेइदटंटदंकरांचे सौंदर्यशास्त्र:पुनर्विचार | ||
| 260 | _b"युनिव्हर्सल प्रकाशन, कोल्हापूर।" | ||
| 260 | _c-- | ||
| 300 | _a115 | ||
| 600 | _aदीक्षित कमलाकर-संपा। | ||
| 630 | _aमढेइदटंटदंकरांचे सौंदर्यशास्त्र:पुनर्विचार | ||
| 700 | _aदीक्षित कमलाकर-संपा। | ||
| 730 | _aमढेइदटंटदंकरांचे सौंदर्यशास्त्र:पुनर्विचार | ||
| 942 | _cBOOK | ||
| 999 |
_c1229151 _d1229148 |
||